La nobleza en Espaą, historia, presente y perspectivas futuro actas del VI Curso de Verano Ciudad de Tarazona, organizada por el Instituto de Humanidades de la Universidad Rey Juan Carlos y la Fundacin̤ Tarazona Monumental /

Detalles Bibliográficos
Otros Autores: Palacios Buųelos, Luis (Conductor), Ruiz Rodrg̕uez, Ignacio (Conductor)
Formato: Desconocido
Lenguaje:español
Publicado: [Madrid] : Dykinson, 2009
Materias:
Acceso en línea:Acceso restringido

MARC

LEADER 00000ny a22000003n 4500
005 20110607120637.0
008 100513s2009 sp a 000 spa d
020 |a 9788498497274 
035 |a 4928 
040 |a BUS  |d vLex 
090 |c 525  |d 525 
245 1 3 |a La nobleza en Espaą, historia, presente y perspectivas futuro  |h [Recurso electrn̤ico]  |b actas del VI Curso de Verano Ciudad de Tarazona, organizada por el Instituto de Humanidades de la Universidad Rey Juan Carlos y la Fundacin̤ Tarazona Monumental /  |c Luis Palacios Baųelos y Ignacio Ruiz Rodrg̕uez, directores 
256 |a Servicio en ln̕ea 
260 |a [Madrid] :  |b Dykinson,  |c 2009 
300 |a 333 p. :  |b il. ;  |c 25 cm 
506 1 |a Contenido solo disponible en los productos indicados  |d vLex Global  |d vLex Global (Academic Edition, excluding Law Schools)  |d vLex Global (U.S. Academic Edition, Law Schools)  |d vLex Global (U.S. Academic Edition, excluding Law Schools)  |d vLex Global (Academic Edition, Law Schools) 
651 4 |a Espaą  |x Nobleza  |x Historia 
700 1 |a Palacios Buųelos, Luis  |e dir. 
700 1 |a Ruiz Rodrg̕uez, Ignacio  |e dir.  
740 0 |a vLex Libros (Servicios en ln̕ea) 
856 4 0 |u http://vlex.com/source/4928  |z Acceso restringido 
942 |c BOOK 
999 0 |a History   |b Madrid